000 00680nam a2200277Ia 4500
005 20260324133255.0
008 008 260324s9999 xx 000 0 eng d
020 _a9780080548364
037 _aEBOOK
040 _aCRL
040 _beng
040 _cCRL
041 _2eng
041 _aeng
084 _qCRL
100 _aJolyon Drury; Peter Falconer; George Heery
_91192460
245 0 _aBuildings for Industrial Storage and Distribution
260 _bTaylor and Francis
260 _c2003
365 _a
365 _b290
856 _uhttp://www.taylorfrancis.com/books/9780080548364
942 _cEBOOK
999 _c1791353
_d1791353